|
|
|
|
| LEADER |
01505nam a2200277 u 4500 |
| 001 |
10113660 |
| 003 |
upatras |
| 005 |
20210202112914.0 |
| 008 |
140825s2013 gr eng |
| 040 |
|
|
|a GR-PaULI
|c GR-PaULI
|
| 041 |
0 |
|
|a eng
|
| 082 |
1 |
4 |
|a 621.382 1
|2 23
|
| 100 |
1 |
|
|a Τσίνος, Χρήστος
|4 aut
|9 82276
|
| 245 |
1 |
0 |
|a Cooperative and cognitive communication techniques for wireless networks
|c by Christos Tsinos; Department of Computer Engineering and Informatics
|
| 300 |
|
|
|a 147 σ.
|c 30 εκ.
|
| 504 |
|
|
|a Περιλαμβάνει βιβλιογραφία
|
| 650 |
|
4 |
|a Συστήματα ασύρματων επικοινωνιών
|9 965
|
| 650 |
|
4 |
|a Κεραίες (Ηλεκτρονική)
|9 34107
|
| 700 |
1 |
|
|9 62393
|a Μπερμπερίδης, Κώστας,
|d 1962-
|c Κώστας
|4 oth
|
| 710 |
1 |
|
|9 2771
|a Πανεπιστήμιο Πατρών
|b Σχολή Επιστημών Υγείας
|b Τμήμα Ιατρικής
|e Πολυτεχνική Σχολή
|e Τμήμα Μηχανικών Ηλεκτρονικών Υπολογιστών και Πληροφορικής
|
| 852 |
|
|
|a GR-PaULI
|b ΠΑΤΡΑ
|b ΒΚΠ
|b ΑΝΕ
|k ΔΙΑΤΡΙΒΗ
|h 621.382 1 ΤΣΙ
|m 122080
|p 025000239700
|t 1
|
| 856 |
|
|
|u http://hdl.handle.net/10889/7521
|
| 942 |
|
|
|2 ddc
|c BKTD
|
| 952 |
|
|
|0 0
|1 0
|4 0
|6 621_382000000000000_1_ΤΣΙ
|7 0
|9 169136
|a LISP
|b LISP
|c RES
|d 2016-04-24
|i 122080
|l 0
|o 621.382 1 ΤΣΙ
|p 025000239700
|r 2016-04-24 00:00:00
|t 1
|w 2016-04-24
|y BKTD
|
| 998 |
|
|
|c ΓΚΟΓΚΟΥ
|d 2014/08
|
| 999 |
|
|
|c 105786
|d 105786
|